Seismic instrumentation

Main Author: Pieuchot
Corporate Author: SERCEL (Firm)
Published: London: Geophysical Press, 1984..
Series:Handbook of geophysical exploration. Section I,; v. 2
Subjects:
LEADER 00627cam a2200205 7i4500
001 0000007653
005 20020407090000.0
010 # # |a 88115669 
020 0 0 |a 0946631026 (Vol. 2)  
035 0 0 |a 0205-53060 
090 0 0 |a TN 269   |b P626 
100 1 0 |a Pieuchot  
245 1 0 |a Seismic instrumentation   |c by Maurice Pieuchot and SERCEL.. 
260 0 0 |a London:   |b Geophysical Press,   |c 1984.. 
300 # # |a 375p.:   |b ill.;   |c 25cm.. 
490 0 0 |a Handbook of geophysical exploration. Section I,;   |v v. 2 
650 0 0 |a Seismic prospecting.  
650 0 0 |a Seismometers.  
710 1 1 |a SERCEL (Firm)  
999 |a 1000395767  |b Book  |c Open Shelf  |e KOLEKSI TERBUKA